| 000 | 00588nam a2200169 i 4500 | ||
|---|---|---|---|
| 001 | 29444 | ||
| 003 | ES-MaACL | ||
| 005 | 20230906154032.0 | ||
| 007 | t| | ||
| 008 | 030122s1865 po ||||1| por d | ||
| 100 | 1 |
_aBarbosa du Bocage, José Vicente. _925476 |
|
| 245 | 1 | 0 |
_aNota acerca los caractéres e affinidades naturales de um novo genero de mammiferos insectivoros / _cJose Vicente Barboza du Bocage. |
| 260 |
_aLisboa : _b[s.n., _c1865] ( _fTyp. da Academia) |
||
| 650 | 4 |
_aMamíferos. _9136454 |
|
| 710 | 2 |
_aAcademia das Ciências de Lisboa. _91159 |
|
| 852 | 4 |
_aES-MaACL _jT-126-F-9 |
|
| 999 |
_c29444 _d29444 |
||